| LEADER | 00975nam a2200229 i 4500 | ||
|---|---|---|---|
| 003 | GR-PaULI | ||
| 005 | 20210117210535.0 | ||
| 008 | 180110s2010 gr |||| |||| 000 e gre d | ||
| 020 | |a 9789603258896 | ||
| 040 | |a GR-PaULI |b gre |c GR-PaULI |e AACR2 | ||
| 082 | |2 23 |a 889.44 | ||
| 100 | 1 | |9 1831 |a Πολίτη, Τζίνα, |d 1930- |e συγγραφέας | |
| 245 | 1 | 2 | |a Η δοκιμασία της ανάγνωσης / |b Τζίνα Πολίτη. |
| 246 | 1 | 4 | |a Η δοκιμασία της ανάγνωσης : |b δοκίμια |
| 260 | |a Αθήνα : |b Άγρα, |c 2010. | ||
| 300 | |a 227 σ. ; |c 21 εκ. | ||
| 504 | |a Περιλαμβάνει βιβλιογραφικές παραπομπές. | ||
| 655 | 0 | |a Δοκίμια | |
| 942 | |2 ddc |c BK15 | ||
| 952 | |0 0 |1 0 |2 ddc |4 0 |6 889_440000000000000_ΠΟΛ |7 0 |9 218816 |a LISP |b LISP |c BSC |d 2018-01-10 |i 063607 |l 0 |o 889.44 ΠΟΛ |p 025000254734 |r 2018-01-10 00:00:00 |t 1 |v 2018.00 |w 2018-01-10 |y BK15 | ||
| 998 | |c ΓΚΟΓΚΟΥ |d 2018-01 | ||
| 999 | |c 132448 |d 132448 | ||